[Event "II Memorial Carlo Ragazzini B"]
[Site "Mestre - Venezia ITA"]
[Date "2011.05.20"]
[Round "1"]
[White "Bortolotto, Denzio"]
[Black "Panican, Gheorghe"]
[Result "0-1"]
[WhiteElo "1769"]
[BlackElo "1995"]
[PlyCount "60"]
[EventDate "2011.05.20"]

1. d4 Nf6 2. Nf3 d6 3. g3 Nbd7 4. Bg2 e5 5. dxe5 dxe5 6. O-O Be7 7. Nbd2 c6 8.
Nc4 Qc7 9. b3 b5 10. Ncxe5 Nxe5 11. Nxe5 Qxe5 12. Bf4 Qe6 13. c4 bxc4 14. bxc4
O-O 15. Qa4 Bd7 16. Rfd1 Rfc8 17. Rab1 Be8 18. e4 Bc5 19. Re1 Ng4 20. Re2 Ne5
21. Qa5 Nd7 22. Rc2 Bb6 23. Qc3 f6 24. Re1 Bf7 25. e5 fxe5 26. Bxe5 Re8 27.
Rce2 Nxe5 28. Rxe5 Qf6 29. Rxe8+ Rxe8 30. Qc1 Qxf2+ 0-1

[Event "II Memorial Carlo Ragazzini B"]
[Site "Mestre - Venezia ITA"]
[Date "2011.05.20"]
[Round "1"]
[White "Gigovski, Gjoko"]
[Black "Roverato, Franco"]
[Result "1-0"]
[WhiteElo "1941"]
[BlackElo "1750"]
[PlyCount "89"]
[EventDate "2011.05.20"]

1. d4 Nf6 2. Nf3 e6 3. Bf4 c5 4. e3 Qa5+ 5. c3 d5 6. Nbd2 Nbd7 7. Bd3 Qb6 8.
Rb1 Bd6 9. Ne5 Nf8 10. Nec4 dxc4 11. Nxc4 Qc6 12. Nxd6+ Ke7 13. Nxc8+ Rxc8 14.
O-O Ng6 15. Bg3 h5 16. Bxg6 fxg6 17. Bh4 Rcd8 18. b4 c4 19. b5 Qe4 20. Bxf6+
gxf6 21. Qa4 Qd3 22. Qxa7 Qxc3 23. Rfc1 Qd3 24. Qc5+ Kd7 25. Qxc4 Qxc4 26. Rxc4
Ra8 27. a4 Ra5 28. Rbc1 Kd6 29. Rc7 Rxa4 30. Rxb7 Rc8 31. Rb6+ Kd7 32. Rbc6
Rxc6 33. bxc6+ Kc7 34. Kf1 Ra2 35. g3 f5 36. h4 Rb2 37. Kg2 Ra2 38. Kf3 Rd2 39.
Rc5 Rb2 40. Re5 Kd6 41. c7 Rc2 42. Rc5 Rxc5 43. dxc5+ Kxc7 44. Kf4 Kd7 45. Ke5
1-0

[Event "II Memorial Carlo Ragazzini B"]
[Site "Mestre - Venezia ITA"]
[Date "2011.05.20"]
[Round "1"]
[White "Bellon, Antonio"]
[Black "Pagan, Andrea"]
[Result "1-0"]
[WhiteElo "1723"]
[BlackElo "1919"]
[PlyCount "149"]
[EventDate "2011.05.20"]

1. e4 d6 2. d4 g6 3. c4 Bg7 4. Nf3 Nf6 5. Nc3 O-O 6. Be2 Bg4 7. h3 Bxf3 8. Bxf3
Nbd7 9. O-O c5 10. d5 Ne5 11. Be2 Ne8 12. f4 Nd7 13. Be3 Nc7 14. Qd2 Nf6 15. e5
Nd7 16. exd6 exd6 17. f5 Qe7 18. fxg6 fxg6 19. Rxf8+ Rxf8 20. Rf1 Rxf1+ 21.
Bxf1 Ne8 22. b3 Qe5 23. Ne2 Nef6 24. Bf4 Qe7 25. Ng3 Ne5 26. Bd3 Nxd3 27. Qxd3
Nd7 28. Qe4 Ne5 29. Nf1 Qd8 30. Nd2 Qe8 31. Nf3 Nxf3+ 32. gxf3 Qd7 33. Kg2 Bf6
34. Bg3 Qe7 35. Qxe7 Bxe7 36. h4 Kf7 37. Kh3 Kf6 38. Kg4 h5+ 39. Kf4 Bf8 40.
Ke4 g5 41. hxg5+ Kxg5 42. Bf4+ Kf6 43. Bg3 Kg5 44. Bf4+ Kg6 45. Bg3 Be7 46. f4
h4 47. Bh2 Kf6 48. f5 Kg5 49. Bg1 Kg4 50. Bh2 Kg5 51. Bf4+ Kf6 52. Bh6 h3 53.
Bf4 Bf8 54. Bh2 Kg5 55. Kf3 Kxf5 56. Kg3 Ke4 57. Kg4 Kd3 58. Kf5 Ke3 59. Ke6
Kf3 60. Kf7 Kg2 61. Bf4 Bh6 62. Bxd6 h2 63. Bxh2 Kxh2 64. d6 Kg3 65. d7 Bg5 66.
Ke6 Kf4 67. Kd6 b6 68. Kc7 Ke5 69. d8=Q Bxd8+ 70. Kxd8 Kd6 71. Kc8 Kc6 72. Kb8
a5 73. a4 Kd7 74. Kb7 Kd6 75. Kxb6 1-0

[Event "II Memorial Carlo Ragazzini B"]
[Site "Mestre - Venezia ITA"]
[Date "2011.05.20"]
[Round "1"]
[White "Zamengo, Bruno"]
[Black "Daccico, Gianni"]
[Result "1-0"]
[WhiteElo "1914"]
[BlackElo "1702"]
[PlyCount "37"]
[EventDate "2011.05.20"]

1. e4 e5 2. Nf3 Nc6 3. Bb5 a6 4. Ba4 b5 5. Bb3 Bc5 6. c3 d6 7. h3 Nf6 8. O-O
O-O 9. d4 exd4 10. cxd4 Bb6 11. Bg5 Re8 12. Nc3 Bd7 13. Nd5 h6 14. Nxf6+ gxf6
15. Bxh6 Qc8 16. Ng5 fxg5 17. Qh5 Bxd4 18. Bxf7+ Kh8 19. Bf8# 1-0

[Event "II Memorial Carlo Ragazzini B"]
[Site "Mestre - Venezia ITA"]
[Date "2011.05.20"]
[Round "1"]
[White "Pasqualetto, Lorenzo"]
[Black "Battagin, Mose'"]
[Result "0-1"]
[WhiteElo "1701"]
[BlackElo "1913"]
[PlyCount "102"]
[EventDate "2011.05.20"]

1. e4 d6 2. d4 Nf6 3. Nc3 g6 4. f4 Bg7 5. Nf3 O-O 6. Bd3 Na6 7. e5 Ng4 8. h3
Nh6 9. g4 c5 10. Be3 cxd4 11. Bxd4 Nb4 12. Bc4 Nc6 13. exd6 Nxd4 14. Nxd4 Qxd6
15. Nce2 Qb4+ 16. c3 Qxc4 17. Qc2 e5 18. fxe5 Bxe5 19. O-O-O Qxa2 20. Nf3 Bg7
21. Nf4 Be6 22. Nxe6 Qxe6 23. Rhe1 Qa2 24. Rd7 b5 25. Ree7 b4 26. Ne5 b3 27.
Qb1 Qxb1+ 28. Kxb1 Bxe5 29. Rxe5 Rfe8 30. Rde7 Rxe7 31. Rxe7 a5 32. Kc1 Kg7 33.
Kd2 Kf6 34. Rb7 a4 35. Rb5 Ke7 36. c4 Kd7 37. Kc3 Kc6 38. Re5 Ra7 39. Re8 f5
40. g5 Nf7 41. h4 Nd6 42. Re6 Kd7 43. Re5 Ne4+ 44. Kd4 Ra6 45. Rb5 Ra7 46. c5
Nd2 47. Kd5 f4 48. c6+ Kc7 49. Rb4 f3 50. Rf4 a3 51. bxa3 Ra5+ 0-1

[Event "II Memorial Carlo Ragazzini B"]
[Site "Mestre - Venezia ITA"]
[Date "2011.05.20"]
[Round "1"]
[White "Steccanella, Willi"]
[Black "Loris, Stefano"]
[Result "1-0"]
[WhiteElo "1869"]
[BlackElo "1681"]
[PlyCount "81"]
[EventDate "2011.05.20"]

1. c4 e5 2. Nc3 Nf6 3. g3 Be7 4. Bg2 c6 5. d4 exd4 6. Qxd4 O-O 7. Bf4 Qa5 8.
Bd6 Re8 9. e3 Na6 10. Nge2 Bxd6 11. Qxd6 Qc5 12. Qxc5 Nxc5 13. Rd1 Rb8 14. b4
Ne6 15. O-O b6 16. e4 h6 17. h3 Nh7 18. Nd4 Nxd4 19. Rxd4 Nf8 20. h4 Bb7 21. a3
Rbd8 22. Rfd1 Bc8 23. f4 g6 24. e5 Ne6 25. R4d2 Kf8 26. Ne4 c5 27. Nd6 Re7 28.
b5 Nd4 29. Be4 Kg8 30. Rb2 Ne6 31. Kf2 g5 32. Ke3 Nd4 33. hxg5 hxg5 34. Rh2 a6
35. a4 a5 36. Rdh1 f5 37. Bxf5 Nxf5+ 38. Nxf5 Ree8 39. Rh8+ Kf7 40. Rxe8 Rxe8
41. Nd6+ 1-0

[Event "II Memorial Carlo Ragazzini B"]
[Site "Mestre - Venezia ITA"]
[Date "2011.05.20"]
[Round "1"]
[White "Stringhetta, Elio"]
[Black "Bozzao, Francesco"]
[Result "0-1"]
[WhiteElo "1665"]
[BlackElo "1867"]
[PlyCount "48"]
[EventDate "2011.05.20"]

1. d4 Nf6 2. Bf4 d6 3. e3 g6 4. Nf3 Bg7 5. Nbd2 Bf5 6. c3 O-O 7. Bc4 Nbd7 8.
O-O c6 9. Re1 Ne4 10. Ng5 Ndf6 11. Ndxe4 Nxe4 12. Nxe4 Bxe4 13. Bd3 Bxd3 14.
Qxd3 Qb6 15. Re2 Rad8 16. e4 c5 17. Rd1 cxd4 18. cxd4 Qa5 19. a3 Rc8 20. Bd2
Qa4 21. Bc3 Rc4 22. Red2 Bh6 23. Re2 Rfc8 24. Qh3 Rxc3 0-1

[Event "II Memorial Carlo Ragazzini B"]
[Site "Mestre - Venezia ITA"]
[Date "2011.05.20"]
[Round "1"]
[White "Banovi, Alit"]
[Black "Dal Bianco, Nicola"]
[Result "1-0"]
[WhiteElo "1865"]
[BlackElo "1610"]
[PlyCount "114"]
[EventDate "2011.05.20"]

1. d4 Nf6 2. Bg5 e6 3. e4 d6 4. Bd3 Be7 5. Nf3 Nbd7 6. O-O e5 7. c3 O-O 8. Nbd2
c6 9. h3 a6 10. a4 b6 11. Be3 Qc7 12. Qc2 Bb7 13. dxe5 dxe5 14. Nc4 b5 15. Ncd2
Rfd8 16. c4 Nc5 17. Bxc5 Bxc5 18. Nb3 Nd7 19. axb5 cxb5 20. cxb5 axb5 21. Rac1
Rac8 22. Qe2 Qb8 23. Bxb5 Bd6 24. Bc4 h6 25. Nh4 Nf6 26. Nd2 Bb4 27. Nhf3 Qd6
28. Rfd1 Qe7 29. b3 Nh5 30. g3 Bc5 31. Nf1 Kh8 32. Ne3 Bxe4 33. Nf1 Bxf3 34.
Qxf3 Nf6 35. Qf5 e4 36. Ne3 g6 37. Qf4 Kg7 38. Nd5 Nxd5 39. Bxd5 e3 40. Be4
Rxd1+ 41. Rxd1 exf2+ 42. Kf1 Re8 43. Qd2 Qxe4 44. Qc3+ Bd4 45. Qxd4+ Qxd4 46.
Rxd4 Re1+ 47. Kxf2 Re7 48. Kf3 g5 49. Re4 Rc7 50. Ke3 f5 51. Re6 h5 52. Kd4 f4
53. gxf4 g4 54. hxg4 hxg4 55. Re5 Kf6 56. Rg5 Rg7 57. Rxg7 Kxg7 1-0

[Event "II Memorial Carlo Ragazzini B"]
[Site "Mestre - Venezia ITA"]
[Date "2011.05.20"]
[Round "1"]
[White "Santagati, Marco"]
[Black "Stefan, Marco"]
[Result "0-1"]
[WhiteElo "1590"]
[BlackElo "1852"]
[PlyCount "92"]
[EventDate "2011.05.20"]

1. d4 Nf6 2. Nc3 c5 3. d5 g6 4. e4 d6 5. Nf3 Bg7 6. e5 dxe5 7. Nxe5 O-O 8. Bc4
Nbd7 9. Nf3 Nb6 10. Qe2 Nfxd5 11. Nxd5 Nxd5 12. O-O Nb6 13. c3 Nxc4 14. Qxc4
Qc7 15. Re1 e6 16. Bf4 Qc6 17. Rad1 b5 18. Qe2 Bb7 19. Rd6 Qe8 20. Red1 Bd5 21.
Qe3 Rd8 22. Qxc5 Qe7 23. h3 Qb7 24. Qe3 Bf6 25. R1xd5 exd5 26. Rxf6 Rfe8 27.
Qc5 Rc8 28. Qd4 Re4 29. Qd2 Rce8 30. Rd6 Re2 31. Qxd5 Qxd5 32. Rxd5 Rxb2 33.
Nd4 Rxa2 34. Rxb5 Rc8 35. Rb8 Rxb8 36. Bxb8 a6 37. Be5 a5 38. c4 Ra4 39. c5 Rc4
40. c6 a4 41. c7 a3 42. Nb5 a2 43. Na7 Rxc7 44. Nb5 Rc5 45. Ba1 Rxb5 46. Kh2
Rb1 0-1

[Event "II Memorial Carlo Ragazzini B"]
[Site "Mestre - Venezia ITA"]
[Date "2011.05.20"]
[Round "1"]
[White "Franceschini, Corrado"]
[Black "Pomponio, Stefano"]
[Result "1-0"]
[WhiteElo "1847"]
[BlackElo "1514"]
[PlyCount "83"]
[EventDate "2011.05.20"]

1. e4 g6 2. d4 Bg7 3. Nf3 d6 4. Bd3 Nf6 5. O-O O-O 6. Bg5 Nbd7 7. Qd2 Re8 8.
Nc3 c6 9. Rfe1 e5 10. d5 Qc7 11. Rad1 cxd5 12. exd5 Nc5 13. Bb5 Bd7 14. Bxd7
Qxd7 15. b4 Na6 16. Bxf6 Bxf6 17. Ne4 Bg7 18. h3 f5 19. Neg5 Bh6 20. h4 Nc7 21.
c4 Re7 22. Qc2 e4 23. Nd4 Bxg5 24. hxg5 Rae8 25. Ne2 e3 26. f3 Rf7 27. Rd4 Qe7
28. f4 Qf8 29. c5 Nb5 30. Rd3 Re4 31. a4 Nc7 32. cxd6 Qxd6 33. Qc5 Qxc5 34.
bxc5 Rxa4 35. d6 Ne6 36. d7 Nd8 37. Nc3 Rc4 38. Rexe3 Kg7 39. Re8 Ne6 40. d8=Q
Nxd8 41. Rdxd8 Rxc3 42. Rg8# 1-0

[Event "II Memorial Carlo Ragazzini B"]
[Site "Mestre - Venezia ITA"]
[Date "2011.05.20"]
[Round "1"]
[White "Desideri, Alessandro"]
[Black "Luisetto, Alessandro"]
[Result "1-0"]
[WhiteElo "1500"]
[BlackElo "1838"]
[PlyCount "81"]
[EventDate "2011.05.20"]

1. e4 g6 2. d4 Bg7 3. Be3 e6 4. Qd2 d5 5. e5 c5 6. c3 Nc6 7. Na3 a6 8. b4 cxd4
9. cxd4 Bf8 10. Nc2 a5 11. b5 Nb4 12. a3 Nxc2+ 13. Qxc2 Bd7 14. Bd3 Rc8 15. Qb2
Nh6 16. Nf3 Nf5 17. Bd2 Be7 18. O-O Nh4 19. Nxh4 Bxh4 20. Rac1 Rxc1 21. Rxc1
Qb6 22. g3 Be7 23. Bh6 Rg8 24. Bd2 f6 25. f4 Kf7 26. Kg2 f5 27. a4 h6 28. h4
Qd8 29. b6 g5 30. hxg5 hxg5 31. Rc7 gxf4 32. Bxf4 Bc6 33. Qe2 Rg4 34. Qe3 Qg8
35. Be2 Rh4 36. Bg5 Re4 37. Bh5+ Kg7 38. Rxe7+ Kf8 39. Qa3 Qxg5 40. Rf7+ Kg8
41. Qf8# 1-0

[Event "II Memorial Carlo Ragazzini B"]
[Site "Mestre - Venezia ITA"]
[Date "2011.05.20"]
[Round "1"]
[White "Zangrando, Gianpietro"]
[Black "Surrusca, Federico"]
[Result "1-0"]
[WhiteElo "1827"]
[BlackElo "1495"]
[PlyCount "45"]
[EventDate "2011.05.20"]

1. c4 g6 2. g3 Bg7 3. Bg2 Nf6 4. Nc3 O-O 5. e4 e6 6. Nge2 Nc6 7. O-O e5 8. d3
d6 9. f4 exf4 10. Nxf4 Bg4 11. Qa4 Rb8 12. h3 Bd7 13. Qd1 Re8 14. Be3 a6 15.
Qd2 Ne5 16. Nfd5 Nxd5 17. Nxd5 Be6 18. Bg5 Qd7 19. Nf6+ Bxf6 20. Bxf6 Nf3+ 21.
Rxf3 Qc6 22. Qh6 Qc5+ 23. Kh2 1-0

[Event "II Memorial Carlo Ragazzini B"]
[Site "Mestre - Venezia ITA"]
[Date "2011.05.20"]
[Round "1"]
[White "Rizzo, Nicodemo"]
[Black "Bonollo, Sergio"]
[Result "1/2-1/2"]
[WhiteElo "1458"]
[BlackElo "1822"]
[PlyCount "113"]
[EventDate "2011.05.20"]

1. d4 Nf6 2. c4 g6 3. Nf3 Bg7 4. e3 O-O 5. Be2 d5 6. Nc3 c5 7. O-O cxd4 8. Nxd4
dxc4 9. Bxc4 Qc7 10. Be2 a6 11. Bd2 Bd7 12. Rc1 Nc6 13. Nxc6 Bxc6 14. Bf3 Rad8
15. Qe2 Bxf3 16. gxf3 Qd7 17. Rfd1 Qh3 18. Be1 Nd7 19. f4 Bxc3 20. Rxc3 Nf6 21.
e4 Qe6 22. f3 Rxd1 23. Qxd1 Nh5 24. Qc1 Rd8 25. Kg2 b5 26. a3 Qd6 27. Bg3 Qd2+
28. Kh3 Kg7 29. Rc2 Qd4 30. Rc3 a5 31. Rc5 Rb8 32. Qc3 Qxc3 33. Rxc3 e6 34. f5
Nxg3 35. hxg3 gxf5 36. exf5 exf5 37. Rc5 Kg6 38. f4 Rb6 39. g4 fxg4+ 40. Kxg4
h6 41. f5+ Kg7 42. Kh5 a4 43. Rc2 b4 44. Rc4 bxa3 45. bxa3 Rb5 46. Rf4 Kf6 47.
Rxa4 Kxf5 48. Kxh6 Ke6 49. Ra6+ Ke5 50. a4 Rd5 51. Rb6 f5 52. Kg5 f4 53. Kg4
Rd4 54. a5 Ra4 55. a6 Ke4 56. Re6+ Kd3 57. Kf3 1/2-1/2

[Event "II Memorial Carlo Ragazzini B"]
[Site "Mestre - Venezia ITA"]
[Date "2011.05.20"]
[Round "1"]
[White "Militello, Michele"]
[Black "Esposito, Ivan"]
[Result "0-1"]
[WhiteElo "1811"]
[BlackElo "1455"]
[PlyCount "137"]
[EventDate "2011.05.20"]

1. d4 Nf6 2. Nf3 d5 3. e3 c6 4. c4 e6 5. Nbd2 Bd6 6. Bd3 Nbd7 7. O-O O-O 8. Re1
Re8 9. e4 dxe4 10. Nxe4 Nxe4 11. Rxe4 h6 12. Ne5 f5 13. Re1 Bxe5 14. dxe5 Qc7
15. Qe2 b6 16. b3 Bb7 17. Bb2 Rad8 18. Rad1 Nb8 19. Bb1 Na6 20. Ba3 c5 21. Bb2
Nb4 22. f3 Rxd1 23. Rxd1 Rd8 24. Bc3 Nc6 25. Rxd8+ Qxd8 26. Qd3 Kf8 27. Qxd8+
Nxd8 28. Kf2 Ke8 29. g4 g6 30. h4 Kf7 31. Kg3 Bc8 32. Kf4 Nc6 33. Bd3 a5 34.
Kg3 Kg7 35. Be2 Nb4 36. Bxb4 axb4 37. Kf4 Kf7 38. Ke3 Ke7 39. f4 Bb7 40. gxf5
gxf5 41. Bd3 Kf7 42. Kd2 Kg6 43. Be2 Be4 44. Kc1 Bg2 45. Kb2 Bh3 46. a3 Bg4 47.
Bf1 Kh5 48. axb4 cxb4 49. c5 bxc5 50. Bc4 Kxh4 51. Bxe6 Kg3 52. Bf7 Kxf4 53. e6
Bf3 54. e7 Bc6 55. Kc2 Kg4 56. Kd2 h5 57. Ke3 h4 58. e8=Q Bxe8 59. Bxe8 Kg3 60.
Bc6 h3 61. Ke2 f4 62. Bd5 h2 63. Bf3 c4 64. bxc4 b3 65. c5 b2 66. Be4 h1=Q 67.
Bxh1 b1=Q 68. c6 Qxh1 69. c7 0-1

[Event "II Memorial Carlo Ragazzini B"]
[Site "Mestre - Venezia ITA"]
[Date "2011.05.21"]
[Round "2"]
[White "Scandiuzzi, Roberto"]
[Black "Banovi, Alit"]
[Result "0-1"]
[WhiteElo "1323"]
[BlackElo "1865"]
[PlyCount "130"]
[EventDate "2011.05.20"]

1. d4 d5 2. Nf3 e6 3. e3 Nf6 4. Bd3 h6 5. Nbd2 b6 6. Qe2 Bb7 7. e4 dxe4 8. Nxe4
Be7 9. Nxf6+ Bxf6 10. c3 Nc6 11. Be4 O-O 12. O-O Rb8 13. Rd1 Qc8 14. Bf4 Ne7
15. Qc2 Bxe4 16. Qxe4 Ng6 17. Bg3 Qb7 18. Nd2 Qxe4 19. Nxe4 Bd8 20. Re1 f5 21.
Nd2 f4 22. Rxe6 Kf7 23. Rc6 fxg3 24. fxg3 Ne7 25. Rf1+ Kg8 26. Re6 Rxf1+ 27.
Nxf1 Kf7 28. Re5 c6 29. Ne3 Bc7 30. Re4 g6 31. Ng4 h5 32. Nh6+ Kf6 33. g4 hxg4
34. Rxg4 Nf5 35. Nxf5 gxf5 36. Rh4 Kg6 37. g3 Re8 38. Kf2 a5 39. g4 fxg4 40.
Rxg4+ Kf5 41. h3 Bf4 42. Rg7 Rh8 43. Rc7 Ke4 44. Re7+ Kd5 45. Kf3 Bd6 46. Re3
Rxh3+ 47. Ke2 Rh2+ 48. Kd3 Bf4 49. c4+ Kd6 50. Rf3 Bg5 51. c5+ bxc5 52. dxc5+
Ke6 53. Rg3 Bf6 54. Re3+ Kd5 55. Re2 Rxe2 56. Kxe2 Bxb2 57. Kd3 Kxc5 58. Kc2
Bh8 59. Kb3 Kd4 60. Kc2 c5 61. a4 c4 62. Kd2 c3+ 63. Kc2 Kc4 64. Kc1 Kb3 65.
Kb1 c2+ 0-1

[Event "II Memorial Carlo Ragazzini B"]
[Site "Mestre - Venezia ITA"]
[Date "2011.05.21"]
[Round "2"]
[White "Esposito, Ivan"]
[Black "Steccanella, Willi"]
[Result "1/2-1/2"]
[WhiteElo "1455"]
[BlackElo "1869"]
[PlyCount "81"]
[EventDate "2011.05.20"]

1. e4 Nf6 2. e5 Nd5 3. c4 Nb6 4. Nc3 c5 5. f4 Nc6 6. Nf3 d5 7. cxd5 Nxd5 8. d4
Bf5 9. a3 e6 10. Bb5 Qb6 11. Qa4 Be7 12. Nxd5 exd5 13. Be3 O-O 14. Bxc6 bxc6
15. O-O c4 16. Rf2 Rfb8 17. h3 Qb5 18. Qxb5 Rxb5 19. g4 Bd3 20. Rd1 Rab8 21.
Rdd2 Be4 22. Ng5 c3 23. bxc3 Bxg5 24. fxg5 Rb1+ 25. Kh2 R8b3 26. Kg3 Rxc3 27.
Kf4 Rxa3 28. Rb2 Raa1 29. e6 fxe6 30. Ke5 Rxb2 31. Rxb2 Rb1 32. Rf2 Re1 33. Bd2
Rb1 34. Kxe6 Bd3 35. Rf3 Bb5 36. Ba5 Rf1 37. Re3 Rf8 38. Kd6 Kf7 39. h4 Re8 40.
Re5 Rxe5 41. Kxe5 1/2-1/2

[Event "II Memorial Carlo Ragazzini B"]
[Site "Mestre - Venezia ITA"]
[Date "2011.05.21"]
[Round "2"]
[White "Stefan, Marco"]
[Black "Gigovski, Gjoko"]
[Result "0-1"]
[WhiteElo "1852"]
[BlackElo "1941"]
[PlyCount "42"]
[EventDate "2011.05.20"]

1. e4 c6 2. d4 d5 3. Nc3 dxe4 4. Nxe4 Nf6 5. Nxf6+ gxf6 6. Nf3 Bf5 7. Bd3 Bg6
8. c3 Nd7 9. Bf4 Bg7 10. Bxg6 hxg6 11. Qe2 O-O 12. O-O-O Qa5 13. a3 Qf5 14. Be3
b5 15. Qd3 Qd5 16. Rhe1 Rfd8 17. Kc2 a5 18. Bd2 Nc5 19. Qe2 Qb3+ 20. Kc1 b4 21.
cxb4 Nd3+ 0-1

[Event "II Memorial Carlo Ragazzini B"]
[Site "Mestre - Venezia ITA"]
[Date "2011.05.21"]
[Round "2"]
[White "Battagin, Mose'"]
[Black "Zangrando, Gianpietro"]
[Result "1-0"]
[WhiteElo "1913"]
[BlackElo "1827"]
[PlyCount "74"]
[EventDate "2011.05.20"]

1. e4 e6 2. d4 d5 3. Nc3 Bb4 4. exd5 exd5 5. Qf3 Be6 6. Bd3 Qf6 7. Bf4 c6 8.
Qg3 Nd7 9. Nf3 h6 10. Ne5 g5 11. Nxd7 Qxf4 12. Qxf4 gxf4 13. Ne5 Nf6 14. O-O
O-O-O 15. Ne2 Nh5 16. f3 Bd2 17. Ng4 Rdg8 18. Rad1 Ba5 19. b3 Kd8 20. c4 Bc7
21. cxd5 Bxd5 22. Ne5 Rg5 23. Be4 Rhg8 24. g4 fxg3 25. Bxd5 gxh2+ 26. Kh1 Rg2
27. Bxf7 R8g5 28. Bxh5 Rxe2 29. Nf7+ Ke7 30. Nxg5 hxg5 31. Rde1 Rxe1 32. Rxe1+
Kf6 33. Bg4 Bf4 34. Bc8 b6 35. Bb7 c5 36. dxc5 bxc5 37. Re2 Be5 1-0

[Event "II Memorial Carlo Ragazzini B"]
[Site "Mestre - Venezia ITA"]
[Date "2011.05.21"]
[Round "2"]
[White "Fracasso Pezzolato, Michele"]
[Black "Zamengo, Bruno"]
[Result "0-1"]
[WhiteElo "1796"]
[BlackElo "1914"]
[PlyCount "96"]
[EventDate "2011.05.20"]

1. e4 e6 2. d4 d5 3. e5 c5 4. c3 Nc6 5. Nf3 Qb6 6. a3 Nh6 7. b4 cxb4 8. cxb4
Nf5 9. Be3 Bd7 10. Nc3 Rc8 11. Na4 Qc7 12. Rc1 a6 13. Nc5 Nxe3 14. fxe3 Ne7 15.
Bd3 f6 16. O-O Ng6 17. Nb3 Qb8 18. e4 Nf4 19. Rxc8+ Qxc8 20. Nc5 Bxc5 21. dxc5
Nxd3 22. Qxd3 Bb5 23. Qc3 dxe4 24. exf6 Bxf1 25. fxg7 Rg8 26. Ng5 Bd3 27. Nxh7
Qc7 28. Nf6+ Kf7 29. Nxg8 Kxg8 30. Qf6 Qf7 31. Qd8+ Kxg7 32. Qg5+ Kh7 33. Qh4+
Kg6 34. Qg4+ Kf6 35. Qf4+ Ke7 36. Qd6+ Kf6 37. Qf4+ Kg7 38. Qg5+ Qg6 39. Qe7+
Kg8 40. Qd8+ Kf7 41. Qc7+ Kf6 42. Qd8+ Kf5 43. Qf8+ Kg5 44. g3 Qf5 45. Qg7+ Kh5
46. Qh8+ Kg4 47. Qg7+ Kf3 48. Qxb7 Ke3 0-1

[Event "II Memorial Carlo Ragazzini B"]
[Site "Mestre - Venezia ITA"]
[Date "2011.05.21"]
[Round "2"]
[White "Bozzao, Francesco"]
[Black "Tonolo, Maurizio"]
[Result "0-1"]
[WhiteElo "1867"]
[BlackElo "1788"]
[PlyCount "76"]
[EventDate "2011.05.20"]

1. d4 d5 2. c4 e6 3. Nc3 Nf6 4. Bg5 Be7 5. Nf3 O-O 6. e3 h6 7. Bh4 b6 8. cxd5
Nxd5 9. Bxe7 Qxe7 10. Nxd5 exd5 11. Qb3 Be6 12. Qc3 Rc8 13. b4 c5 14. bxc5 bxc5
15. Qa3 Qc7 16. Qxc5 Qxc5 17. dxc5 Rxc5 18. Ne5 Nc6 19. Nxc6 Rxc6 20. Kd2 Rb8
21. Kd3 Rb2 22. a4 Rcc2 23. e4 Rxf2 24. Ke3 dxe4 25. Kxe4 Ra2 26. Bb5 Rxg2 27.
Rac1 Rxh2 28. Rxh2 Rxh2 29. Rc7 Rh4+ 30. Ke5 a6 31. Bc6 Rh5+ 32. Kd6 Ra5 33.
Ke7 g5 34. Be8 Rf5 35. Rc6 a5 36. Ra6 g4 37. Ra8 Kg7 38. Bb5 g3 0-1

[Event "II Memorial Carlo Ragazzini B"]
[Site "Mestre - Venezia ITA"]
[Date "2011.05.21"]
[Round "2"]
[White "Panican, Gheorghe"]
[Black "Franceschini, Corrado"]
[Result "1-0"]
[WhiteElo "1995"]
[BlackElo "1847"]
[PlyCount "51"]
[EventDate "2011.05.20"]

1. e4 c5 2. Nf3 d6 3. d4 cxd4 4. Nxd4 Nf6 5. Nc3 a6 6. Bg5 e6 7. f4 Be7 8. Qf3
Qc7 9. O-O-O Nbd7 10. Bd3 b5 11. Rhe1 Bb7 12. a3 Rc8 13. Kb1 Nc5 14. Bxf6 Nxd3
15. Qxd3 Bxf6 16. Ndxb5 axb5 17. Nxb5 Qb6 18. Nxd6+ Kf8 19. e5 Be7 20. Nxc8
Bxc8 21. Qc3 Qb7 22. Rd4 g6 23. Red1 Kg7 24. g4 h5 25. gxh5 Rxh5 26. Rc4 1-0

[Event "II Memorial Carlo Ragazzini B"]
[Site "Mestre - Venezia ITA"]
[Date "2011.05.21"]
[Round "2"]
[White "Zanirato, Stefano"]
[Black "Desideri, Alessandro"]
[Result "0-1"]
[WhiteElo "1909"]
[BlackElo "1500"]
[PlyCount "160"]
[EventDate "2011.05.20"]

1. e4 c5 2. Nf3 d6 3. Bb5+ Bd7 4. Bxd7+ Nxd7 5. O-O e6 6. c3 Ngf6 7. Qe2 a6 8.
a4 Be7 9. d4 O-O 10. e5 dxe5 11. dxe5 Nd5 12. Na3 Qc7 13. Nc4 b5 14. axb5 axb5
15. Rxa8 Rxa8 16. Ne3 Nxe3 17. Qxe3 Nb6 18. Qe4 Ra4 19. Qe2 Qc6 20. Re1 Ra2 21.
Bg5 Bxg5 22. Nxg5 h6 23. Rd1 Nd5 24. Nf3 Kf8 25. Qd2 Qa8 26. h3 Qa4 27. Re1 Qb3
28. Re2 Ra1+ 29. Re1 Ra2 30. Re2 Qc4 31. Kh2 Qf4+ 32. Qxf4 Nxf4 33. Re4 Nd3 34.
b4 Nxf2 35. Re3 cxb4 36. cxb4 Rb2 37. Kg1 Nd1 38. Rd3 Rb1 39. Kh2 Nf2 40. Rd4
Nd1 41. Rd6 Nc3 42. Nd4 Kg8 43. Nc6 Rd1 44. Nd4 Rb1 45. Rd8+ Kh7 46. Nc6 Nd5
47. Rb8 Nxb4 48. Rxb5 Nxc6 49. Rxb1 Nxe5 50. Rb7 g5 51. Kg3 Kg6 52. Kf2 f5 53.
g3 h5 54. Ke3 Nf7 55. Rb6 Kf6 56. Kd4 Ne5 57. Ra6 Ng6 58. Ke3 h4 59. gxh4 Nxh4
60. Ra8 Ng2+ 61. Kf3 Nh4+ 62. Ke3 Ng6 63. Kf3 Ne5+ 64. Ke3 Nd7 65. Ra7 Nc5 66.
Rc7 Ne4 67. Rb7 Nd6 68. Rd7 Nc4+ 69. Kd4 Nb6 70. Rd8 Nd5 71. Rf8+ Kg7 72. Rd8
Ne7 73. Kc5 Ng6 74. Ra8 Kf6 75. Kd6 e5 76. Ra6 f4 77. Kd5+ Kf5 78. Re6 f3 79.
Ra6 f2 80. Ra1 Nf4+ 0-1

[Event "II Memorial Carlo Ragazzini B"]
[Site "Mestre - Venezia ITA"]
[Date "2011.05.21"]
[Round "2"]
[White "Pagan, Andrea"]
[Black "Rizzo, Nicodemo"]
[Result "1-0"]
[WhiteElo "1919"]
[BlackElo "1458"]
[PlyCount "93"]
[EventDate "2011.05.20"]

1. e4 c6 2. d4 d5 3. Nc3 dxe4 4. Nxe4 Bf5 5. Ng3 Bg6 6. h4 h6 7. h5 Bh7 8. Bd3
Bxd3 9. Qxd3 Nf6 10. Nf3 Nbd7 11. Bd2 e6 12. O-O-O Be7 13. Kb1 Qb6 14. c4 Rd8
15. Bf4 Ng4 16. Qe2 O-O 17. Nd2 Ngf6 18. Nf3 Rfe8 19. Rd3 a5 20. Rhd1 a4 21.
Ne5 Qa6 22. a3 b5 23. cxb5 Qxb5 24. Nxd7 Rxd7 25. Re3 Qxe2 26. Rxe2 Nd5 27. Be3
Rb7 28. Ka2 Reb8 29. Rc1 Rb6 30. Ne4 f5 31. Nc5 Bxc5 32. Rxc5 Kf7 33. Bc1 Ke7
34. Rec2 Kd7 35. f3 Ra8 36. g4 fxg4 37. fxg4 Nf6 38. g5 hxg5 39. Rxg5 Rg8 40.
Rcg2 Ne8 41. h6 Rb3 42. Bf4 Rf3 43. Be5 Rf5 44. Rg6 Rf7 45. Bxg7 Nxg7 46. Rxg7
Ke8 47. Rxg8+ 1-0

[Event "II Memorial Carlo Ragazzini B"]
[Site "Mestre - Venezia ITA"]
[Date "2011.05.21"]
[Round "2"]
[White "Roverato, Franco"]
[Black "Santagati, Marco"]
[Result "1-0"]
[WhiteElo "1750"]
[BlackElo "1590"]
[PlyCount "63"]
[EventDate "2011.05.20"]

1. e4 d5 2. exd5 Qxd5 3. Nc3 Qd6 4. d4 a6 5. Bc4 Nf6 6. Bb3 b5 7. Qf3 c6 8.
Nge2 e6 9. Bf4 Qd7 10. Be5 Be7 11. Nf4 Bb7 12. Qg3 Rg8 13. O-O-O Qc8 14. Qh3
Nbd7 15. f3 a5 16. Nxe6 fxe6 17. Bxe6 Rf8 18. d5 cxd5 19. Nxb5 g5 20. Nc7+ Kd8
21. Nxa8 Qxa8 22. Bd4 Bc8 23. Rhe1 g4 24. fxg4 Ne4 25. Qb3 Bg5+ 26. Be3 Bb7 27.
Bxg5+ Nxg5 28. Bxd5 Bxd5 29. Rxd5 Nf3 30. Red1 Qa7 31. Qb5 Qe3+ 32. Kb1 1-0

[Event "II Memorial Carlo Ragazzini B"]
[Site "Mestre - Venezia ITA"]
[Date "2011.05.21"]
[Round "2"]
[White "Luisetto, Alessandro"]
[Black "Stringhetta, Elio"]
[Result "1-0"]
[WhiteElo "1838"]
[BlackElo "1665"]
[PlyCount "89"]
[EventDate "2011.05.20"]

1. e4 c5 2. Nf3 d6 3. d4 cxd4 4. Nxd4 Nc6 5. Be2 Nf6 6. Nc3 g6 7. Be3 Bg7 8.
Qd2 a6 9. f3 Bd7 10. O-O-O b5 11. h4 b4 12. Nd5 Qa5 13. Bc4 Rc8 14. Nxc6 Rxc6
15. Bb3 Be6 16. Qxb4 Qxb4 17. Nxb4 Rc8 18. Bxe6 fxe6 19. Nxa6 O-O 20. Nb4 Rc4
21. Rd4 Rfc8 22. Rxc4 Rxc4 23. c3 Nh5 24. Nc2 Kf7 25. g4 Ng3 26. Re1 Be5 27.
Nd4 Bxd4 28. Bxd4 d5 29. exd5 exd5 30. Bf2 Ne4 31. fxe4 dxe4 32. Bd4 Ra4 33. a3
Ra6 34. Rxe4 h6 35. Kc2 Ra4 36. Kb3 Ra5 37. Re5 Ra6 38. a4 Rd6 39. Kc4 e6 40.
b4 Rc6+ 41. Rc5 Ra6 42. Rc7+ Ke8 43. a5 Kd8 44. Bb6 Ra8 45. Ra7+ 1-0